000 01110akm a2200385a 44500
008 960122s1993 cat
017 _aGI-680
041 _acat
080 _a666.3.022(038)
110 _aTerracota, Museu de Ceràmica de la Bisbal d'Empordà
_964935
245 _aLa Galetera
245 _cLa Bisbal d'Empordà. Servei Municipal de Català.
245 _cTerracota, Museu de Ceràmica de la Bisbal d'Empordà
245 _h[cartell]
260 _a[s.l.]
260 _bConsorci per a la normalització lingüística. Servei de Català de la Bisbal d'Empordà
260 _c1993
300 _bil.
500 _btermcat
520 _a17
546 _acatalà
591 _a3788
592 _aObra terminològica
593 _aIEA
593 _aJB
594 _a3788
650 _aceràmica
_962678
650 _afresadores
_964934
710 _aBisbal d'Empordà, La. Ajuntament. Servei Municipal de Català
_964936
901 _c[<1993>?]
902 _a960122
942 _cMO
_n0
999 _c54092
_d54092